| 000 | 00471nam a2200193Ia 4500 | ||
|---|---|---|---|
| 005 | 20240823005137.0 | ||
| 008 | 240823s9999||||xx |||||||||||||| ||und|| | ||
| 041 | _aENGLISH | ||
| 082 | _A621.3 N7 | ||
| 100 | _aTheraja A K | ||
| 245 | 2 | _aA Text Book of Electrical Technology | |
| 250 | _a22nd | ||
| 260 |
_c1997 _b"S Chand,New Delhi" |
||
| 500 | _aYES | ||
| 650 |
_aElectrical Technology _bElectrical |
||
| 700 | _a Theraja B L | ||
| 942 | _cBK | ||
| 999 |
_c154878 _d154878 |
||